|
|
|
|
| LEADER |
00000nam#a22000001ab4500 |
| 001 |
00004386 |
| 003 |
AR-BaUAD |
| 005 |
20230908141836.0 |
| 008 |
970825s1945####ag#||||##||||||||#||spa|d |
| 040 |
|
|
|a AR-BaUAD
|b spa
|c AR-BaUAD
|
| 041 |
|
|
|a spa
|
| 044 |
|
|
|c ar
|2 ISO3166-1
|
| 110 |
2 |
|
|a Universidad Nacional del Litoral.
|b Facultad de Ciencias Matemáticas, Físico Químicas y Naturales aplicadas a la industria (Santa Fe)
|
| 245 |
1 |
0 |
|a Especificaciones para puentes viales de madera, adoptadas por la Asociación de Funcionarios Viales de los Estados Unidos (A.A.S.H.O.) /
|c Tr. de la 3a ed. (1941) por el ing. Horacio O. Albano
|
| 260 |
|
|
|a Rosario, Santa Fe :
|b Ministerio de Justicias e Instrucción Pública,
|c 1945
|
| 300 |
|
|
|a 47 p. :
|b tablas
|
| 490 |
|
|
|a Técnico científica ;
|v no 29
|
| 653 |
|
|
|a INFRAESTRUCTURA VIAL
|
| 653 |
|
|
|a MATERIALES DE CONSTRUCCION
|
| 653 |
|
|
|a MADERA
|
| 653 |
|
|
|a PUENTES
|
| 655 |
|
|
|a TEXTO
|
| 852 |
|
|
|c Caja 2
|
| 952 |
|
|
|0 0
|1 0
|4 0
|6 CAJA_2
|7 0
|9 33245
|a AR-BaUAD
|b AR-BaUAD
|d 0000-00-00
|e donac. FCEFQyN
|g 3.00
|i 4386
|l 0
|o Caja 2
|p gwbr04386
|r 2023-09-08 14:18:36
|w 2023-09-08
|y BK
|
| 990 |
|
|
|a Ej. No1 : 4386 . 2/8/1948 -- donac. FCEFQyN -- (3 pesos).
|b ADM
|
| 990 |
|
|
|a CO194
|b TD
|
| 990 |
|
|
|a AAQ00004386
|b CC
|
| 998 |
|
|
|a AAQ
|b Bibun 76
|
| 942 |
|
|
|c BK
|
| 999 |
|
|
|c 16077
|d 16077
|